000 nam a22 7a 4500
999 _c7187
_d7187
008 170727b xxu||||| |||| 00| 0 eng d
100 _93763
_aTripp Davids Paul
245 _aAge of oppertunity
260 _aAmerica
_bPR Publication
_c2001